| 000 | 00642nam a2200205Ia 4500 | ||
|---|---|---|---|
| 001 | 11306 | ||
| 003 | GE_BSU | ||
| 008 | 181216s||||||||xx |||||||||||||| ||und|| | ||
| 040 | _cGE_BSU | ||
| 080 | _a581.137 | ||
| 100 | _aთოდუა ნანული | ||
| 245 | _aმტაცებელი მცენარეები | ||
| 245 | _cრედ: ზ. შენგელია | ||
| 260 | _bსაქ–ს სას–სამ. ინ–ტის გამ–ბა | ||
| 260 | _c1957 | ||
| 300 | _a62გვ.20სმ. | ||
| 300 | _eილ. | ||
| 653 | _aმტაცებელი მცენარეები | ||
| 942 | _cBK | ||
| 999 |
_c44508 _d44508 |
||